000 00714nam a2200193 a 4500
003 0
005 20250428084507.0
008 080527s19uu xx 00 eng d
050 _aPHS ML 3918.R37.E34
_b.D45 2005
100 _aDeiparine, Ralph Lorenz N.
245 _aThe Effects of listening to rap music on the worldview of adolescent males /
_cRalph Lorenz N. Deiparine.
260 _aLas PiƱas City, Philippines :
_bSouthville International School and Colleges,
_c2005.
300 _a18 pages :
_billustrations ;
_c28 cm.
504 _aIncludes bibliographical references.
650 _aRap (Music)
_xSocial aspects.
650 _aMusic and youth.
650 _aRap musicians
_xInfluence.
942 _2lcc
_cPASS
999 _c97214
_d97214